Vista normal
Vista MARC
Entrada Materia (personas)
Número de registros utilizados en: 2
001 - CONTROL NUMBER
- control field: 31121
003 - CONTROL NUMBER IDENTIFIER
- control field: Co-BoUCM
005 - DATE AND TIME OF LATEST TRANSACTION
- control field: 20130304090944.0
008 - FIXED-LENGTH DATA ELEMENTS
- fixed length control field: 130304|| aca||aabn | a|a d
040 ## - CATALOGING SOURCE
- Original cataloging agency: Co-BoUCM
- Transcribing agency: Co-BoUCM
100 ## - HEADING--PERSONAL NAME
- Personal name: Juan de Santo Tomás
- Titles and other words associated with a name: (O.P.)
- Dates associated with a name: 1589-1644
670 ## - SOURCE DATA FOUND
- Source citation: Work cat.: (Co-BoUCM)68344: Juan de Santo Tomás (O.P.) 1589-1644, [Prima pars artis Logicae - et Secunda], 163?